[Event "Politiken Cup"]
[Site "Copenhagen DEN"]
[Date "2004.07.30"]
[Round "8"]
[White "Lindberg,Be"]
[Black "Hansen,Cu"]
[Result "0-1"]
[WhiteElo "2422"]
[BlackElo "2635"]

1.e4 c5 2.Nf3 e6 3.d4 cxd4 4.Nxd4 Nc6 5.Nc3 Qc7 6.Be3 a6 7.Qd2 Nf6 8.O-O-O Bb4
9.f3 Ne5 10.Nb3 b5 11.Bd4 Bb7 12.Qg5 Ng6 13.e5 Nd5 14.Ne4 Be7 15.Qd2 Nxe5
16.Nec5 Bc8 17.Qe1 f6 18.Qe4 O-O 19.f4 Nc6 20.f5 Nxd4 21.Qxd4 Nb6 22.g4 e5
23.Qf2 a5 24.Bg2 a4 25.Bxa8 Nxa8 26.Kb1 axb3 27.Nxb3 Nb6 28.h4 d5 29.Rhe1 b4
30.h5 h6 31.Qe2 Bd7 32.Qh2 Rc8 33.Rd2 Bf8 34.Nc1 d4 35.Rf2 Nd5 36.Nd3 Ne3
37.Rg1 Bc6  0-1

[Event "Liepajas Rokade"]
[Site "Liepaya LAT"]
[Date "2004.07.31"]
[Round "7"]
[White "Ehlvest,J"]
[Black "Shabalov,A"]
[Result "0-1"]
[WhiteElo "2605"]
[BlackElo "2605"]

1.e4 c5 2.Nf3 Nc6 3.Nc3 e6 4.d4 cxd4 5.Nxd4 Nf6 6.Ndb5 d6 7.Bf4 e5 8.Bg5 a6
9.Na3 b5 10.Nd5 Be7 11.Bxf6 Bxf6 12.c3 O-O 13.Nc2 Bg5 14.a4 bxa4 15.Rxa4 a5
16.Bc4 Rb8 17.b3 Kh8 18.O-O f5 19.exf5 Bxf5 20.Re1 Bg6 21.Ra2 Bh4 22.Re2 Bh5
23.f3 Qg5 24.Re3 e4 25.Be2 exf3 26.Bxf3 Bxf3 27.Rxf3 Rxf3 28.Qxf3 Qc1+  0-1

[Event "IV Mario Covas"]
[Site "Santos BRA"]
[Date "2004.07.31"]
[Round "1"]
[White "Matsuura,E"]
[Black "Morovic Fernandez,I"]
[Result "1/2-1/2"]
[WhiteElo "2490"]
[BlackElo "2573"]

1.e4 c5 2.Nf3 e6 3.d4 cxd4 4.Nxd4 Nc6 5.Nc3 a6 6.Be2 Qc7 7.O-O Nf6 8.Be3 Bb4
9.Na4 Be7 10.c4 Nxe4 11.c5 O-O 12.Rc1 Rb8 13.g3 Nf6 14.Bf3 g6 15.Nb6 Rd8
16.Qb3 e5 17.Ne2 d6 18.cxd6 Rxd6 19.Bc5 Rd8 20.Nxc8 Bxc5 21.Rxc5 Rbxc8 22.Bxc6 bxc6
23.Rfc1 Rd5 24.Qc2 Rxc5 25.Qxc5 Kg7 26.b4 Nd7 27.Qe7 Nf6 28.Qxc7 Rxc7 29.Rc5 Nd7
30.Ra5 c5 31.bxc5 Nxc5 32.Nc3 Nd3 33.Ra3 f5 34.f3 Rc6 35.Kf1 Kf7 36.Ke2 Nc5
37.Nd5 Ke6 38.Nb4 Rb6 39.Nd3 Nd7 40.h4 Kd6 41.Ra5 Ke6 42.Ke3 Kd6 43.Ke2 h6
44.Ke3 g5 45.hxg5 hxg5 46.Ke2 e4 47.fxe4 fxe4 48.Nf2 Nc5 49.Ke3 Rb4 50.Nh3 g4
51.Nf2 Rc4 52.Nxg4 Rc3+ 53.Kd4 Rd3+ 54.Kc4 Rxg3 55.Rxc5 Rxg4 56.Ra5 Rg3 57.Kd4 e3  1/2-1/2

[Event "IV Mario Covas"]
[Site "Santos BRA"]
[Date "2004.07.31"]
[Round "1"]
[White "Milos,G"]
[Black "Coelho,L"]
[Result "0-1"]
[WhiteElo "2601"]
[BlackElo "2391"]

1.e4 c5 2.Nf3 e6 3.d4 cxd4 4.Nxd4 Nc6 5.Nc3 d6 6.Be2 Nf6 7.O-O Be7 8.Kh1 O-O
9.f4 Nxd4 10.Qxd4 b6 11.b3 Bb7 12.Bb2 Qc7 13.Bc4 a6 14.a4 Rad8 15.f5 d5 16.exd5 exd5
17.Bd3 Bd6 18.Ne2 Rfe8 19.Qh4 Be5 20.Nd4 Qe7 21.Rad1 Rd7 22.Qh3 Qb4 23.c3 Qc5
24.b4 Qc7 25.b5 a5 26.Nc6 Bxc6 27.bxc6 Rde7 28.Bb5 Rd8 29.Ba3 Ree8 30.c4 d4
31.Rfe1 Bd6 32.Rxe8+ Rxe8 33.Bxd6 Qxd6 34.Qg3 Qc5 35.Qf4 h6 36.h3 Rd8 37.Qc7 Re8
38.Qb7 Re7 39.Qb8+ Kh7 40.Qd8 Ne4 41.Rxd4 Ng3+ 42.Kh2 Ne2 43.Rd1 Qe5+ 44.Kh1 Ng3+
45.Kg1 Ne2+ 46.Kh1 Ng3+ 47.Kg1 Qe3+ 48.Kh2 Nxf5 49.Qd3 Qe5+ 50.g3 g6 51.Rd2 Qe1
52.Rg2 Ne3 53.Rb2 Nf1+ 54.Kg1 Nd2+  0-1

[Event "3rd Pro-Am Open"]
[Site "Guelph CAN"]
[Date "2004.08.01"]
[Round "8"]
[White "Tyomkin,D"]
[Black "MacPhail,J"]
[Result "1/2-1/2"]
[WhiteElo "2498"]
[BlackElo "2339"]

1.e4 c5 2.Nf3 e6 3.Nc3 Nc6 4.d4 cxd4 5.Nxd4 Qc7 6.Be3 a6 7.Qd2 Nf6 8.O-O-O Bb4
9.f3 Na5 10.Qd3 Bxc3 11.bxc3 d5 12.Nb3 Bd7 13.Qd4 dxe4 14.Bg5 Nc6 15.Qd6 Qxd6
16.Rxd6 exf3 17.gxf3 h6 18.Bh4 Ne7 19.Bd3 Nfd5 20.c4 Nb4 21.Be4 Bc6 22.Nc5 Nxa2+
23.Kb2 Nb4 24.Nxb7 Bxe4 25.fxe4 Nbc6 26.Bxe7 Nxe7 27.Ra1 Rb8 28.Rb6 O-O 29.Raxa6 Rfc8
30.Nd6 Rd8 31.c5 g5 32.Rxb8 Rxb8+ 33.Rb6 Rxb6+ 34.cxb6 Nc6 35.b7 Kf8 36.e5 g4
37.Kc3 Ke7 38.Kd2 f5 39.Ke3 h5 40.Nb5 Kd7 41.Nd4 Nb8 42.Kf4 h4 43.c4 Na6
44.c5 Nb8 45.Kg5 g3 46.h3 g2 47.Nf3 Kc6 48.Kxh4 Kxb7 49.Kg3 Nd7 50.Kxg2 Kc6
51.h4 Kxc5 52.Kg3 Nf8 53.Kf4 Kc6 54.h5 Kd7 55.Ng5 Ke7 56.Ke3 Nd7 57.Kd4 Nb8
58.Nf3 Nd7 59.Ke3 Kf7 60.Kf4 Kg7 61.Kg5 Nc5 62.h6+ Kh7 63.Kh5 Ne4 64.Nd4 Ng3+
65.Kh4 Ne4 66.Kh5 Ng3+ 67.Kg5 Ne4+ 68.Kf4 Nc5 69.Nxe6 Nxe6+ 70.Kxf5 Nc5 71.Kg5 Ne6+
72.Kf6 Nd4 73.e6 Nxe6 74.Kxe6 Kxh6  1/2-1/2

[Event "Open"]
[Site "Kavala GRE"]
[Date "2004.08.01"]
[Round "3"]
[White "Aroshidze,L"]
[Black "Mastrovasilis,D"]
[Result "1-0"]
[WhiteElo "2401"]
[BlackElo "2568"]

1.e4 c5 2.Nf3 e6 3.d4 cxd4 4.Nxd4 Nc6 5.Nc3 Qc7 6.Be2 a6 7.O-O Nf6 8.Be3 Bb4
9.Na4 Be7 10.Nxc6 bxc6 11.Nb6 Rb8 12.Nxc8 Qxc8 13.Bd4 O-O 14.e5 Nd5 15.c4 Nf4
16.g3 Nxe2+ 17.Qxe2 c5 18.Bc3 Qc6 19.Rad1 f5 20.f4 Rf7 21.Rd3 Rb7 22.b3 Bf8
23.Rfd1 g6 24.Bd2 Rg7 25.h4 h6 26.Be3 Kh7 27.Kh2 Qc8 28.Qg2 Rc7 29.Kg1 Qe8
30.Kf2 Be7 31.Ke2 Kg8 32.Kd2 Qc8 33.Kc2 Kf8 34.Qf3 Ke8 35.Bd2 Qb7 36.Qxb7 Rxb7
37.Be3 Rc7 38.Kc3 Kd8 39.a3 Kc8 40.b4 cxb4+ 41.axb4 g5 42.hxg5 hxg5 43.Bb6 Rc6
44.c5 gxf4 45.gxf4 Bh4 46.Rh1 Rg4 47.Rdh3 Rg3+ 48.Kc4 Rxh3 49.Rxh3 Bf2 50.b5 axb5+
51.Kxb5 Bd4 52.Rh8+ Kb7 53.Rh7 Kc8 54.Ka6 d5 55.exd6  1-0

[Event "Open"]
[Site "Kavala GRE"]
[Date "2004.08.01"]
[Round "3"]
[White "Kotronias,V"]
[Black "Nikolov,Sas"]
[Result "1/2-1/2"]
[WhiteElo "2608"]
[BlackElo "2419"]

1.e4 c5 2.Nf3 e6 3.d4 cxd4 4.Nxd4 Nc6 5.Nc3 Qc7 6.Be2 Nf6 7.O-O a6 8.Be3 Be7
9.f4 d6 10.Qe1 O-O 11.Qg3 Nxd4 12.Bxd4 b5 13.a3 Bb7 14.Rad1 Bc6 15.Bf3 Rad8
16.Rfe1 Qb7 17.Nd5 Kh8 18.Nb4 Ne8 19.c3 Rd7 20.Kh1 Qa8 21.Nxc6 Qxc6 22.b4 Qc7
23.Rf1 Nf6 24.e5 dxe5 25.fxe5 Ng4 26.Be4 Nh6 27.Qh3 Kg8 28.Rd2 Rfd8 29.Rdf2 Bf8
30.Rf4 g6 31.Qe3 Bg7 32.Bb1 Qc6 33.Be4 Qc7 34.Rh4 Nf5 35.Bxf5 exf5 36.e6 Qc4
37.exf7+ Rxf7 38.Re1 Bxd4 39.Rxd4 Rxd4 40.cxd4 Qd5 41.Qh6 Qd7 42.d5 Re7 43.Rxe7 Qxe7
44.Qd2 Qe5 45.Kg1 Kf7 46.d6 Ke8 47.d7+ Kd8 48.g3 Qe6 49.Qd4 Qxd7 50.Qb6+ Ke7
51.Qxa6 Qd1+ 52.Kg2 Qe2+ 53.Kg1 Qe1+  1/2-1/2

[Event "2nd North Urals Cup"]
[Site "Krasnoturinsk RUS"]
[Date "2004.08.01"]
[Round "9"]
[White "Kovalevskaya,E"]
[Black "Skripchenko,A"]
[Result "1/2-1/2"]
[WhiteElo "2470"]
[BlackElo "2453"]

1.e4 c5 2.Nc3 e6 3.Nge2 Nc6 4.d4 cxd4 5.Nxd4 Bb4 6.Nb5 Nf6 7.a3 Bxc3+ 8.Nxc3 d5
9.Bd3 O-O 10.O-O d4 11.Ne2 e5 12.Ng3 Be6 13.h3 Nd7 14.Qe2  1/2-1/2

[Event "It"]
[Site "Charleroi BEL"]
[Date "2004.08.02"]
[Round "4"]
[White "Cappon,J"]
[Black "Hautot,S"]
[Result "1/2-1/2"]
[WhiteElo "2198"]
[BlackElo "2336"]

1.e4 c5 2.Nc3 Nc6 3.Nf3 e6 4.d4 cxd4 5.Nxd4 a6 6.Be2 Qc7 7.Be3 Nf6 8.O-O Bb4
9.Na4 O-O 10.c4 Bd6 11.Nxc6 dxc6 12.f4 Nxe4 13.Qd3 Nf6 14.Rad1 Be7 15.Bb6 Qb8
16.Nc5 Re8 17.g4 e5 18.f5 h6 19.Ne4 Nd7 20.Be3 Qc7 21.Qd2 Nf6 22.Nxf6+ Bxf6
23.Qe1 c5 24.Qg3 Qe7 25.Rd5 b6 26.Rfd1 Ra7 27.b4 Rc7 28.Rd6 Rd7 29.bxc5 bxc5
30.Bxc5 Red8 31.Qa3 Rxd6 32.Bxd6 Qb7 33.c5 Qc6  1/2-1/2

[Event "Open Dutch Champ"]
[Site "Dieren NED"]
[Date "2004.08.02"]
[Round "6"]
[White "Hoeksema,E"]
[Black "Van der Elburg,F"]
[Result "1-0"]
[WhiteElo "2405"]
[BlackElo "2223"]

1.e4 c5 2.Nf3 e6 3.d4 cxd4 4.Nxd4 Nc6 5.Nc3 Qc7 6.Be3 a6 7.Qd2 Nf6 8.O-O-O Bb4
9.f3 Ne7 10.Kb1 e5 11.Nb3 d5 12.Nb5 axb5 13.Qxb4 O-O 14.Bc5 Ra4 15.Bd6 Qd8
16.Qxb5 Ra6 17.Bxe5 Nd7 18.Bc3 dxe4 19.fxe4 Qc7 20.Qg5 f6 21.Qe3 Re6 22.Nd4 Rd6
23.Bb4 Nc5 24.Bc4+  1-0

[Event "Open Dutch Champ"]
[Site "Dieren NED"]
[Date "2004.08.02"]
[Round "6"]
[White "Swinkels,R"]
[Black "Mchedlishvili,M"]
[Result "0-1"]
[WhiteElo "2228"]
[BlackElo "2518"]

1.e4 c5 2.Nf3 e6 3.d4 cxd4 4.Nxd4 Nc6 5.Nc3 Qc7 6.Be3 Nf6 7.f3 Bb4 8.Nb5 Qb8
9.a3 Be7 10.g4 d6 11.g5 Nd7 12.Nd4 a6 13.Qd2 O-O 14.O-O-O Nde5 15.Nxc6 bxc6
16.f4 Nd7 17.f5 exf5 18.exf5 d5 19.f6 Bd6 20.fxg7 Re8 21.Re1 Ne5 22.Be2 Qb7
23.Nd1 Rb8 24.Qc3 Bf5 25.Rhf1 Bg6 26.Rf6 Bc7 27.Bd4 Nd7 28.Rff1 c5 29.Bf6 Nxf6
30.gxf6 Be5 31.Qb3 Qc6 32.Qh3 Bxf6 33.Bd3 Bxg7 34.Bxg6 hxg6 35.Qf3 Qb7 36.c3 Qd7
37.h4 d4 38.Qd3 c4 39.Qxc4 Rec8 40.Qd3 dxc3 41.Qxd7 cxb2+ 42.Kd2 b1=Q 43.Qxf7+ Kh8  0-1

[Event "Open"]
[Site "Kavala GRE"]
[Date "2004.08.02"]
[Round "4"]
[White "Dobrov,V"]
[Black "Perunovic,Mil"]
[Result "0-1"]
[WhiteElo "2495"]
[BlackElo "2555"]

1.e4 c5 2.Nf3 Nc6 3.Nc3 e6 4.d4 cxd4 5.Nxd4 Qc7 6.Be3 a6 7.Qd2 Nf6 8.O-O-O Bb4
9.f3 Ne5 10.Nb3 b5 11.Qe1 Be7 12.f4 Ng6 13.e5 Ng4 14.Bd4 Bb7 15.Be2 h5 16.f5 exf5
17.Bf3 Rc8 18.Bxb7 Qxb7 19.h3 Nh6 20.Qf2 f4 21.Na5 Qa8 22.Bb6 O-O 23.Nd5 Bh4
24.Qe2 Nf5 25.Qd3 Nfe7 26.Nxe7+ Bxe7 27.Qxd7 Qxg2 28.Qf5 Qg5 29.Qe4 Qxe5
30.Qd3 Bf6 31.Qa3 Qf5 32.Rh2 Rfe8 33.Nb7 f3 34.Nd6 Qf4+ 35.Rhd2 Bg5 36.Nxe8 Rxe8
37.Qd3 Ne5  0-1

[Event "IV Mario Covas"]
[Site "Santos BRA"]
[Date "2004.08.02"]
[Round "3"]
[White "Leitao,R"]
[Black "Coelho,L"]
[Result "0-1"]
[WhiteElo "2573"]
[BlackElo "2391"]

1.e4 c5 2.Nf3 e6 3.d4 cxd4 4.Nxd4 Nc6 5.Nc3 Qc7 6.Be2 a6 7.O-O Nf6 8.Kh1 Nxd4
9.Qxd4 Bc5 10.Qd3 b5 11.f4 Bb7 12.Bf3 O-O 13.e5 Ne8 14.a4 b4 15.Ne4 Be7 16.Be3 d6
17.Bd4 dxe5 18.fxe5 f6 19.exf6 Bxf6 20.Bc5 Rf7 21.Bxb4 Rd8 22.Nxf6+ Nxf6
23.Qe2 Bxf3 24.Rxf3 Ng4 25.Rg3 Nf2+ 26.Kg1 Qb6 27.Bd2 Rxd2  0-1

[Event "XI Summer Open"]
[Site "Nice FRA"]
[Date "2004.08.03"]
[Round "3"]
[White "Paragua,M"]
[Black "Kaps,D"]
[Result "1-0"]
[WhiteElo "2529"]
[BlackElo "2186"]

1.e4 c5 2.Nf3 Nc6 3.Nc3 e6 4.d4 cxd4 5.Nxd4 Qc7 6.Be2 a6 7.O-O Nf6 8.Be3 Bb4
9.Na4 Be7 10.Nxc6 bxc6 11.Nb6 Rb8 12.Nxc8 Qxc8 13.Bd4 Qc7 14.e5 Nd5 15.c4 Nf4
16.Bf3 O-O 17.Re1 f6 18.exf6 gxf6 19.Be4 Rf7 20.Kh1 e5 21.Bc3 Bc5 22.g3 Ne6
23.f4 Nd4 24.fxe5 fxe5 25.Qh5 Qd6 26.Rad1 Qf6 27.Rf1 Qxf1+ 28.Rxf1 Rxf1+
29.Kg2 Rf7 30.Qxe5 d6 31.Qg5+ Kf8 32.b4 Re8 33.Qh6+ Kg8 34.Bxh7+ Rxh7 35.Qg6+ Kf8
36.Qxh7  1-0

[Event "It"]
[Site "Charleroi BEL"]
[Date "2004.08.04"]
[Round "6"]
[White "Cappon,J"]
[Black "Fedorchuk,S"]
[Result "0-1"]
[WhiteElo "2198"]
[BlackElo "2569"]

1.e4 c5 2.Nc3 Nc6 3.Nf3 e6 4.d4 cxd4 5.Nxd4 a6 6.Be2 Qc7 7.Be3 Bd6 8.Qd2 Be7
9.f4 d6 10.Bf3 Nf6 11.O-O Bd7 12.Nb3 Rb8 13.a4 b5 14.axb5 axb5 15.Qe2 Nb4
16.Nd4 O-O 17.Rfe1 Qb7 18.e5 Nfd5 19.Nxd5 Nxd5 20.Red1 dxe5 21.Bxd5 exd5
22.fxe5 Ra8 23.Nb3 Qc6 24.Qd3 Rxa1 25.Rxa1 b4 26.Nd4 Qc7 27.Nf5 Bxf5 28.Qxf5 g6
29.Qf4 Qxc2 30.Qd4 Qc6 31.Rc1 Qe6 32.Rd1 Rd8 33.Bd2 Rc8 34.Bxb4 Rc4  0-1

[Event "Open Dutch Champ"]
[Site "Dieren NED"]
[Date "2004.08.04"]
[Round "8"]
[White "Van der Weide,K"]
[Black "Kuipers,E"]
[Result "1-0"]
[WhiteElo "2471"]
[BlackElo "2263"]

1.e4 c5 2.Nf3 e6 3.d4 cxd4 4.Nxd4 Nc6 5.Nc3 Qc7 6.Be3 a6 7.Bd3 b5 8.Nxc6 dxc6
9.a4 b4 10.Nb1 Nf6 11.Nd2 Bb7 12.Qe2 Be7 13.O-O c5 14.b3 O-O 15.Kh1 Rfd8
16.f4 Nd7 17.Rad1 a5 18.Rf3 Bf6 19.Rh3 g6 20.Rf1 Bg7 21.Nc4 f5 22.Bc1 Nf6
23.exf5 exf5 24.Qe6+ Kf8 25.Bb2 Re8 26.Qb6 Qxb6 27.Nxb6 Ra7 28.Bxf6 Bxf6
29.Nd7+ Kg7 30.Rxh7+  1-0

[Event "Open"]
[Site "Kavala GRE"]
[Date "2004.08.04"]
[Round "6"]
[White "Nikolov,Sas"]
[Black "Cherin,D"]
[Result "1/2-1/2"]
[WhiteElo "2419"]
[BlackElo "2163"]

1.e4 c5 2.Nf3 e6 3.d4 cxd4 4.Nxd4 Nc6 5.Nc3 a6 6.Be2 Qc7 7.O-O b5 8.Nxc6 dxc6
9.f4 Bb7 10.e5 Nh6 11.Bd3 c5 12.Be4 Nf5 13.Qf3 Rb8 14.Bxb7 Qxb7 15.Qxb7 Rxb7
16.a4 b4 17.Ne4 Nd4 18.Rf2 b3 19.c3 Nc2 20.Rb1 Kd7 21.Rd2+ Kc7 22.Kf2 Be7
23.Nd6 Bxd6 24.Rxd6 Rd8 25.Rxd8 Kxd8 26.Be3 Nxe3 27.Kxe3 Rd7 28.Ke2 Kc7 29.Rd1 Rxd1
30.Kxd1 c4 31.Kd2 Kc6 32.Ke3 Kd5 33.a5 h5 34.Kf3 f5 35.exf6 gxf6 36.g4 hxg4+
37.Kxg4 Ke4 38.h4 Kd3 39.h5 Kc2 40.h6 Kxb2 41.h7 Kc2 42.h8=Q b2 43.Qxf6 b1=Q
44.Qxe6 Qg1+ 45.Kf5 Kxc3 46.Qxa6 Qc5+ 47.Kg6 Kd4 48.Qf6+ Ke4 49.f5 c3 50.Qh4+ Kd3
51.Qh3+ Kd2 52.Qg2+ Kd1 53.Qf1+ Kd2 54.a6 c2 55.Qf4+ Kd3 56.Qc1 Qb6+ 57.f6 Qb1
58.Qa3+ Kc4 59.Qa4+ Kc5 60.Qa5+ Kc6 61.Qc3+ Kb6 62.Qd4+ Kxa6 63.Qd3+ Kb6
64.Qd6+ Kb5 65.Qd5+ Kb6 66.Qe6+ Kb5  1/2-1/2

[Event "IV Mario Covas"]
[Site "Santos BRA"]
[Date "2004.08.04"]
[Round "5"]
[White "Zambrana,O"]
[Black "Morovic Fernandez,I"]
[Result "1/2-1/2"]
[WhiteElo "2472"]
[BlackElo "2573"]

1.e4 c5 2.Nf3 e6 3.d4 cxd4 4.Nxd4 Nc6 5.Nc3 a6 6.Be2 Qc7 7.Be3 Nf6 8.O-O Bb4
9.Na4 Be7 10.Nxc6 bxc6 11.Nb6 Rb8 12.Nxc8 Rxc8 13.Bxa6 Rb8 14.Bd3 Rxb2 15.Bd4 Rb8
16.e5 Nd5 17.c4 Nf4 18.Be4 O-O 19.Qc2 Ng6 20.Rad1 d6 21.exd6 Bxd6 22.g3 c5
23.Bc3 Be5 24.Rb1 Bxc3 25.Bxg6  1/2-1/2

[Event "Open Dutch Champ"]
[Site "Dieren NED"]
[Date "2004.08.05"]
[Round "9"]
[White "Muhren,W"]
[Black "Van der Werf,M"]
[Result "0-1"]
[WhiteElo "2231"]
[BlackElo "2418"]

1.e4 c5 2.Nf3 e6 3.d4 cxd4 4.Nxd4 Nc6 5.Nc3 Qc7 6.Be3 a6 7.Qd2 Nf6 8.O-O-O Bb4
9.f3 Ne5 10.Nb3 b5 11.Qe1 Rb8 12.Qg3 O-O 13.Kb1 Bxc3 14.bxc3 d6 15.Bd4 Bb7
16.h4 Rbc8 17.Nc5 Rfd8 18.Be2 dxc5 19.Bxe5 Qe7 20.Qg5 Kf8 21.Rxd8+ Rxd8 22.Bxf6 gxf6
23.Qh6+ Kg8 24.g4 e5 25.g5 Rd6 26.gxf6 Rxf6 27.Qg5+ Kf8 28.h5 Rd6 29.Qf5 h6
30.Rg1 Qf6 31.Qh7 Ke7 32.Rg8 Bc6 33.Rc8 Rd8 34.Rc7+ Bd7 35.Rxc5 Rh8  0-1

[Event "IV Mario Covas"]
[Site "Santos BRA"]
[Date "2004.08.05"]
[Round "6"]
[White "Matsuura,E"]
[Black "Leitao,R"]
[Result "0-1"]
[WhiteElo "2490"]
[BlackElo "2573"]

1.e4 c5 2.Nf3 Nc6 3.d4 cxd4 4.Nxd4 e6 5.Nc3 Qc7 6.Be2 a6 7.O-O Nf6 8.Be3 Be7
9.f4 d6 10.Qe1 O-O 11.Qg3 Bd7 12.Kh1 b5 13.a3 Nxd4 14.Bxd4 Bc6 15.Bf3 Rfd8
16.e5 dxe5 17.Bxe5 Qb7 18.f5 exf5 19.Bxc6 Qxc6 20.Rxf5 Ne8 21.Re1 Bf8 22.Rf2 f6
23.Bf4 Nd6 24.h3 Re8 25.Rd1 Nc4 26.b3 Ne5 27.Nd5 Kh8 28.Nb4 Qb7 29.Rfd2 Ng6
30.Bd6 Bxd6 31.Rxd6 Ne5 32.Nd3 Nf7 33.Nc5 Qc7 34.Ne6 Rxe6 35.Rxa6 Qc8 36.Rxa8 Qxa8
37.Rd7 Qe8  0-1

[Event "It B"]
[Site "Montreal CAN"]
[Date "2004.08.06"]
[Round "3"]
[White "Krnan,T"]
[Black "Divljan,I"]
[Result "1-0"]
[WhiteElo "2331"]
[BlackElo "2317"]

1.e4 c5 2.Nf3 e6 3.d4 cxd4 4.Nxd4 Nc6 5.Nc3 Qc7 6.Be3 a6 7.Qd2 Nf6 8.O-O-O Bb4
9.f3 Na5 10.Kb1 Bxc3 11.Qxc3 Qxc3 12.bxc3 d5 13.e5 Nd7 14.f4 b5 15.Bd3 Nc4
16.Bxc4 bxc4 17.Nf3 O-O 18.Ka1 Rb8 19.Rb1 Rxb1+ 20.Rxb1 f6 21.Bb6 g5 22.fxg5 fxe5
23.Bc7 e4 24.Nd4 Rf2 25.Nc6 Kg7 26.Bg3 Rf8 27.Bd6 Re8 28.h4 Kf7 29.Rf1+ Kg7
30.h5 e5 31.Ne7 Bb7 32.h6+ Kh8 33.Rf7  1-0

[Event "ch-GBR"]
[Site "Scarborough ENG"]
[Date "2004.08.07"]
[Round "6"]
[White "Pym,T"]
[Black "Rayner,F"]
[Result "1/2-1/2"]
[WhiteElo "2059"]
[BlackElo "2252"]

1.e4 c5 2.Nf3 e6 3.d4 cxd4 4.Nxd4 Nc6 5.Nc3 Qc7 6.Be2 a6 7.O-O Nf6 8.Kh1 Nxd4
9.Qxd4 Bc5 10.Qd3 b5 11.f4 Bb7 12.Bf3 h5 13.Be3 Ng4 14.Bxc5 Qxc5 15.e5 Bxf3
16.Qxf3 Ke7 17.Ne4 Qe3 18.h3 Rac8 19.c3 f6 20.Qxe3 Nxe3 21.Rf3 Nf5 22.Rd1 Rhd8
23.Nd6 Nxd6 24.Rxd6 fxe5  1/2-1/2

[Event "ch-GBR"]
[Site "Scarborough ENG"]
[Date "2004.08.07"]
[Round "6"]
[White "Wells,P"]
[Black "Arakhamia,K"]
[Result "1/2-1/2"]
[WhiteElo "2494"]
[BlackElo "2446"]

1.e4 c5 2.Nf3 e6 3.d4 cxd4 4.Nxd4 Nc6 5.Nc3 Qc7 6.Be2 a6 7.O-O Nf6 8.Be3 d6
9.f4 Be7 10.a4 O-O 11.Kh1 Re8 12.Bg1 Rb8 13.Bd3 Nb4 14.Qe1 e5 15.fxe5 dxe5
16.Nf5 Bxf5 17.Rxf5 Nxd3 18.cxd3 Bb4 19.Rc1 Qe7 20.h3 Rbc8 21.Bh2 Bxc3 22.Rxc3 Nd7
23.Qc1  1/2-1/2

[Event "ch-Arab"]
[Site "Dubai UAE"]
[Date "2004.08.09"]
[Round "7"]
[White "Khairallah,F"]
[Black "Bouaziz,S"]
[Result "1-0"]
[WhiteElo "2283"]
[BlackElo "2352"]

1.e4 c5 2.Nf3 e6 3.d4 cxd4 4.Nxd4 Nc6 5.Nc3 a6 6.Be3 Qc7 7.Qd2 Nf6 8.f3 Bb4
9.a3 Ba5 10.Nb3 Bb6 11.Bf4 Qd8 12.O-O-O Bc7 13.g4 O-O 14.g5 Ne8 15.Be3 b5
16.f4 d6 17.Rg1 Bb7 18.Rg3 Na5 19.Nd4 Rc8 20.Kb1 Bb6 21.Qe1 Bxd4 22.Bxd4 Nc6
23.Rh3 Nxd4 24.Qh4 h6 25.Rxd4 Qe7 26.Qg4 Rc7 27.Rd1 f5 28.exf5 exf5 29.Qh5 Qf7
30.Qh4 h5 31.g6 Qxg6 32.Be2 Nf6 33.Rxd6 Qf7 34.Bxh5 Nxh5 35.Qxh5 Qxh5 36.Rxh5 Rcf7
37.Nd5 Re8 38.Nb4 a5 39.Nd3 Be4 40.Rb6 Rd7 41.Rh3 Rd5 42.Rg3 Red8 43.Kc1 R8d6
44.Rb8+ Rd8 45.Rb7 R5d7  1-0

[Event "Stork YM"]
[Site "Hengelo NED"]
[Date "2004.08.11"]
[Round "5"]
[White "Zhigalko,A"]
[Black "Michiels,B"]
[Result "1/2-1/2"]
[WhiteElo "2478"]
[BlackElo "2450"]

1.e4 c5 2.Nf3 Nc6 3.d4 cxd4 4.Nxd4 e6 5.Nc3 Qc7 6.Be3 a6 7.Qd2 b5 8.O-O-O Bb7
9.Ndxb5 axb5 10.Nxb5 Qc8 11.Bb6 Be7 12.Nc7+ Kf8 13.Nxa8 Qxa8 14.Bc4 Ne5 15.Bb3 Bxe4
16.Rhe1 Nf6 17.f3 Nxf3 18.gxf3 Bxf3 19.Kb1 Bxd1 20.Rxd1 h5 21.Bd4 d5 22.Qg2 Qb8
23.Rg1 Rg8 24.Qe2 Qf4 25.Be5 Qe4 26.Qa6 g5 27.Bc3 Rg6 28.a4 Bb4 29.Bxf6 Rxf6
30.Qc8+ Kg7 31.Rxg5+ Kh6 32.Rg1 Qh7 33.a5 Rg6 34.Rxg6+ Qxg6 35.a6 Qg1+ 36.Ka2 Qb6
37.c3 Bc5 38.Bd1 h4 39.Be2 Bg1 40.Qh8+ Kg6 41.Qxh4 Be3 42.Qg4+ Kf6 43.Qf3+ Kg7
44.h3 d4 45.Qb7 Qa5+ 46.Kb3 dxc3 47.bxc3 Bb6 48.Kb2 Qc5 49.Bd3 Qf2+ 50.Kb3 Kf8
51.h4 Kg7 52.Qe4 Ba7 53.h5 Qb6+ 54.Qb4 Qe3 55.Qe4 Qb6+ 56.Ka4 Kh6 57.Be2 f5
58.Qf4+ Kh7 59.Qg3 Qc6+ 60.Kb3 Qb6+ 61.Ka4 Qc6+ 62.Bb5 Qe4+ 63.Ka5 f4 64.Bd3 fxg3
65.Bxe4+ Kh6 66.Kb5 Kxh5 67.c4 Kg5 68.c5 Kf6 69.Kc6 Ke5 70.Bh1 Kd4 71.Kd7 Bxc5  1/2-1/2

[Event "ch-GBR"]
[Site "Scarborough ENG"]
[Date "2004.08.13"]
[Round "11"]
[White "Emms,J"]
[Black "Arakhamia,K"]
[Result "1-0"]
[WhiteElo "2508"]
[BlackElo "2446"]

1.e4 c5 2.Nf3 e6 3.Nc3 Nc6 4.d4 cxd4 5.Nxd4 Qc7 6.g3 a6 7.Bg2 Nf6 8.O-O d6
9.Re1 Bd7 10.Nxc6 bxc6 11.Na4 Be7 12.c4 e5 13.c5 dxc5 14.Qc2 O-O 15.Be3 Rab8
16.Bxc5 Be6 17.b3 Rfc8 18.Rac1 a5 19.Red1 h5 20.Bxe7 Qxe7 21.Qc3 Qa3 22.Nc5 Re8
23.Rd2 Bc8 24.f3 h4 25.Bf1 hxg3 26.hxg3 Nh7 27.Kf2 Ng5 28.Rcd1 Be6 29.Be2 a4
30.Nxa4 Ra8 31.Nc5 Qa7 32.Qe3 f6 33.a4 Qb6 34.Rd3 Bf7 35.Rd7 Reb8 36.R1d3 Ra5
37.Rc3 Qb4 38.Kg2 Qa3 39.Nb7 Raa8 40.Nc5 Ra5 41.Rd2 Qa1 42.Rd1 Qa3 43.Qc1 Qxc1
44.Rdxc1 Ne6 45.Nxe6 Bxe6 46.Bd1 Rd8 47.Rxc6 Rd2+ 48.Kg1 Kf7 49.b4 Ra8 50.R6c2 Rd4
51.Rb2 Rad8 52.Be2 Rh8  1-0

[Event "Stork YM"]
[Site "Hengelo NED"]
[Date "2004.08.14"]
[Round "9"]
[White "Zhigalko,A"]
[Black "Michielsen,J"]
[Result "1-0"]
[WhiteElo "2478"]
[BlackElo "2285"]

1.e4 c5 2.Nf3 e6 3.d4 cxd4 4.Nxd4 Nc6 5.Nc3 d6 6.Be3 Nf6 7.Qd2 Be7 8.f3 O-O
9.O-O-O a6 10.g4 Nxd4 11.Bxd4 b5 12.Kb1 Nd7 13.h4 Qc7 14.g5 b4 15.Na4 Bb7
16.b3 Bc6 17.Nb2 a5 18.g6 fxg6 19.h5 gxh5 20.Rxh5 Nf6 21.Rh3 e5 22.Bc4+ d5
23.exd5 Bxd5 24.Bb6 Qxb6 25.Bxd5+ Nxd5 26.Qxd5+ Kh8 27.Nc4 Qf6 28.Nxe5 Ra6
29.Nd7 Qf5 30.Nxf8 Qxh3 31.Qf7 Rd6 32.Rg1 Bf6 33.Nd7  1-0

[Event "ch-ESP Abierto"]
[Site "Seville ESP"]
[Date "2004.08.14"]
[Round "2"]
[White "Trujillo Delgado,D"]
[Black "Rodriguez Guerrero,E"]
[Result "0-1"]
[WhiteElo "2153"]
[BlackElo "2423"]

1.e4 c5 2.Nf3 e6 3.d4 cxd4 4.Nxd4 Nc6 5.Nc3 Qc7 6.Be3 a6 7.Bd3 Nf6 8.O-O Nxd4
9.Bxd4 Bc5 10.Bxf6 gxf6 11.Qg4 Kf8 12.Qh4 Qe5 13.Qh6+ Kg8 14.Kh1 Qg5 15.Qh3 h5
16.Be2 Bd6 17.Rad1 Bc7 18.Rd4 Be5 19.Rd3 h4 20.Na4 Bc7 21.Rc3 Qf4 22.Nc5 Bd6
23.Nd3 Qxe4 24.Re1 f5 25.Bf3 Qd4 26.Rb3 Rb8 27.Rd1 b5 28.Kg1 a5 29.Nc1 Qb6
30.a4 b4 31.Rbd3 Be5 32.Nb3 Bxb2 33.Rd6 Qc7 34.R6d2 Bc3 35.Rd3 Be5 36.R3d2 d6
37.Nd4 Bd7 38.Be2 Bxa4 39.Qe3 f4 40.Qf3 Kf8 41.Qg4 Bc6 42.Bf3 Bd7 43.Ne2 d5
44.Qg5 f6 45.Qg6 Be8 46.Qg4 Bf7 47.Nc1 h3 48.Nd3 Ke7 49.Nxe5 Rbg8 50.Nxf7 Rxg4
51.Nxh8 Rg8 52.Re2 Rxh8 53.Bxd5 e5  0-1

[Event "ch-ESP Abierto"]
[Site "Seville ESP"]
[Date "2004.08.15"]
[Round "3"]
[White "Lopez del Alamo,An"]
[Black "Teran Alvarez,I"]
[Result "1-0"]
[WhiteElo "2268"]
[BlackElo "2428"]

1.e4 c5 2.Nc3 e6 3.Nf3 Nc6 4.d4 cxd4 5.Nxd4 Qc7 6.Be3 a6 7.Qd2 b5 8.O-O-O Nxd4
9.Bxd4 Ne7 10.Kb1 Nc6 11.Be3 Rb8 12.f4 Bb4 13.f5 Ne7 14.Bd3 e5 15.f6 gxf6
16.Qf2 f5 17.Nd5 Nxd5 18.exd5 f4 19.Bxf4 exf4 20.Qd4 O-O 21.Qxb4 Qe5 22.Rde1 Qg7
23.Qxf4 d6 24.Re3 Kh8 25.Rg3  1-0

[Event "ch-ESP GpB"]
[Site "Seville ESP"]
[Date "2004.08.16"]
[Round "4"]
[White "Arizmendi Martinez,J"]
[Black "De la Riva Aguado,O"]
[Result "1/2-1/2"]
[WhiteElo "2534"]
[BlackElo "2552"]

1.e4 c5 2.Nf3 Nc6 3.Nc3 e6 4.d4 cxd4 5.Nxd4 Qc7 6.Be2 a6 7.O-O Nf6 8.Be3 Bb4
9.Na4 Be7 10.Nxc6 bxc6 11.Nb6 Rb8 12.Nxc8 Qxc8 13.Bd4 c5 14.Be5 Rb6 15.Qd3 O-O
16.b3 d6 17.Bc3 d5 18.exd5 Nxd5 19.Bd2 Nb4 20.Qc4 Rd6 21.Bc3 Rfd8 22.Rfc1 Bf6
23.Bxf6 gxf6 24.Qg4+ Kf8 25.c3 Nd5 26.Qh4 Kg7 27.Rd1 Qd7 28.Rd3 Nf4 29.Qg4+ Kf8
30.Rxd6 Nxe2+ 31.Qxe2 Qxd6 32.g3 Qd3 33.Qb2  1/2-1/2

[Event "14th Open"]
[Site "Abu Dhabi UAE"]
[Date "2004.08.17"]
[Round "4"]
[White "Timofeev,Arty"]
[Black "Hasangatin,R"]
[Result "1/2-1/2"]
[WhiteElo "2611"]
[BlackElo "2485"]

1.e4 c5 2.Nf3 Nc6 3.d4 cxd4 4.Nxd4 e6 5.Nc3 Bb4 6.Nb5 Nf6 7.a3 Bxc3+ 8.Nxc3 d5
9.Bd3 d4 10.Ne2 e5 11.O-O O-O 12.Ng3 Be6 13.b4 Rc8 14.h3 a6 15.f4 exf4 16.Bxf4 Nd7
17.b5 axb5 18.Qh5 Nce5 19.Bxe5 g6 20.Qh6 Nxe5 21.Nf5 Qf6 22.Nxd4 Qg7 23.Qxg7+ Kxg7
24.Bxb5 Bc4 25.Rfb1 Rfd8 26.c3 Kg8 27.a4 Bxb5 28.Nxb5 Rc4 29.Rb4 Rd2 30.Rxc4 Nxc4
31.a5 h5 32.Ra4 Ne3 33.e5 Rxg2+ 34.Kh1 Rg3 35.Nd6 Rxh3+ 36.Kg1 h4 37.Nxb7 Rg3+
38.Kh1 Rh3+ 39.Kg1 Rg3+ 40.Kh1 Rh3+  1/2-1/2

[Event "Knjaz Milos Jezero Open"]
[Site "Belgrade SCG"]
[Date "2004.08.17"]
[Round "1"]
[White "Stojanovic,K"]
[Black "Zmijanac,D"]
[Result "0-1"]
[WhiteElo "2030"]
[BlackElo "2236"]

1.e4 c5 2.Nf3 e6 3.d4 cxd4 4.Nxd4 Nc6 5.Nc3 Qc7 6.Be3 a6 7.a4 Nf6 8.Be2 Bb4
9.f3 d5 10.Nxc6 bxc6 11.exd5 cxd5 12.Qd4 Bd6 13.f4 O-O 14.h3 Rb8 15.Rf1 Rb4
16.Qd2 Rxb2 17.Rb1 Bb4 18.Kf2 Bxc3  0-1